東北本線の駅 - Statistics

General Stats
  • This quiz has been taken 45 times
  • The average score is 110 of 151
Answer Stats
Answer % Correct
上野
97%
さいたま新都心
97%
大宮
97%
宇都宮
97%
仙台
97%
東京
94%
赤羽
94%
小山
94%
那須塩原
94%
新白河
94%
一ノ関
94%
盛岡
94%
秋葉原
92%
日暮里
92%
西日暮里
92%
浦和
92%
久喜
92%
矢板
92%
黒磯
92%
白河
92%
郡山
92%
福島
92%
小牛田
92%
北上
92%
尾久
92%
神田
89%
御徒町
89%
鶯谷
89%
田端
89%
王子
89%
89%
南浦和
89%
北浦和
89%
与野
89%
土呂
89%
東大宮
89%
自治医大
89%
西那須野
89%
岩沼
89%
名取
89%
花巻
89%
利府
89%
東十条
86%
川口
86%
西川口
86%
蓮田
86%
白岡
86%
新白岡
86%
栗橋
86%
古河
86%
小金井
86%
宝積寺
86%
白石
86%
塩釜
86%
戸田公園
86%
武蔵浦和
86%
与野本町
86%
上中里
83%
雀宮
83%
南仙台
83%
松島
83%
水沢
83%
戸田
83%
須賀川
81%
二本松
81%
平泉
81%
花巻空港
81%
北赤羽
81%
北戸田
81%
北与野
81%
東鷲宮
78%
野木
78%
間々田
78%
石橋
78%
岡本
78%
長町
78%
浮間舟渡
78%
南与野
78%
氏家
75%
安積永盛
75%
東仙台
75%
岩切
75%
中浦和
75%
新利府
75%
蒲須坂
72%
南福島
72%
藤田
72%
太子堂
72%
本宮
69%
国府多賀城
69%
矢幅
69%
高城町
69%
野崎
67%
矢吹
67%
仙北町
67%
片岡
64%
黒田原
64%
豊原
64%
鏡石
64%
東福島
64%
槻木
64%
館腰
64%
紫波中央
64%
伊達
61%
石越
61%
高久
58%
白坂
58%
大河原
58%
松川
56%
東白石
56%
花泉
56%
日詰
56%
五百川
53%
桑折
53%
陸前山王
53%
瀬峰
53%
有壁
53%
金ケ崎
53%
岩手飯岡
53%
品井沼
50%
久田野
47%
泉崎
47%
貝田
47%
越河
47%
松山町
47%
新田
47%
村崎野
47%
石鳥谷
47%
金谷川
44%
前沢
44%
愛宕
42%
鹿島台
42%
山ノ目
42%
日和田
39%
安達
39%
油島
39%
六原
39%
北白川
36%
田尻
36%
梅ケ沢
36%
陸中折居
36%
杉田
33%
船岡
33%
古館
31%
清水原
22%
No matching quizzes found
Score Distribution
Percent of People with Each Score
Percentile by Number Answered
Your Score History
You have not taken this quiz